Simposio Internacional de Colonizaciones : Barcelona 1971 / recopilación y edición por E. Ripoll Perelló, E. Sanmartí Grego Barcelona 1971 / recopilación y edición por E. Ripoll Perelló, E. Sanmartí Grego
ISBN:
84-500-1091-8
Publicado:
Barcelona :
Diputación Provincial de Barcelona. Instituto de Prehistoria i Arqueología ,
1974
Descripción Física:
XVI, 278 p. : il. ; 27 cm
MARC
| LEADER | 00000nam a2200000Ia 4500 | ||
|---|---|---|---|
| 001 | 1865 | ||
| 008 | 160829s1974 xx 000 0 cat d | ||
| 020 | |a 84-500-1091-8 | ||
| 080 | |a H-1-39 | ||
| 100 | |a Simposio Internacional de Colonizaciones (1971 : Barcelona) |9 33422 | ||
| 245 | |a Simposio Internacional de Colonizaciones : |b Barcelona 1971 / recopilación y edición por E. Ripoll Perelló, E. Sanmartí Grego | ||
| 260 | |a Barcelona : |b Diputación Provincial de Barcelona. Instituto de Prehistoria i Arqueología, |c 1974 | ||
| 300 | |a XVI, 278 p. : |b il. ; |c 27 cm | ||
| 590 | |a Bibliografia | ||
| 650 | |a Cultura mediterrània |x Congressos |9 33423 | ||
| 650 | |a Mediterrània (Regió) |x Colonització |x Congressos |9 33424 | ||
| 700 | 1 | |a Ripoll i Perelló, Eduard, |d 1923-2006 |e editor literari |9 20913 | |
| 700 | |a Sanmartí i Grego, Enric, ed. |9 33426 |e editor literari | ||
| 710 | 2 | |a Instituto de Prehistoria y Arqueología (Barcelona, Catalunya) |9 54255 | |
| 901 | |a Arxiu | ||
| 942 | |n 1 |2 udc | ||
| 952 | |0 0 |1 0 |4 0 |6 H139 |7 1 |9 46292 |a Arxiu |b Arxiu |d 2016-12-01 |l 0 |o H-1-39 |p 1865 |r 2016-12-01 00:00:00 |w 2016-12-01 |y ARXIU | ||
| 999 | |c 49799 |d 49799 | ||